MARC details
| 000 -LEADER |
| campo de control de longitud fija |
02868nas a2200589 i 4500 |
| 001 - NÚMERO DE CONTROL |
| campo de control |
196577 |
| 003 - IDENTIFICADOR DE NÚMERO DE CONTROL |
| campo de control |
ES-MaACL |
| 005 - FECHA Y HORA DE LA ÚLTIMA TRANSACCIÓN |
| campo de control |
20250828094915.0 |
| 006 - CÓDIGOS DE INFORMACIÓN DE LONGITUD FIJA--CARACTERÍSTICAS DEL MATERIAL ADICIONAL |
| campo de control de longitud fija |
m g d | |
| 007 - CAMPO FIJO DE DESCRIPCIÓN FÍSICA--INFORMACIÓN GENERAL |
| campo de control de longitud fija |
co*cg||||||||| |
| 008 - DATOS DE LONGITUD FIJA--INFORMACIÓN GENERAL |
| campo de control de longitud fija |
241007c19929999sp ar psq 0 b0spa |
| 010 ## - NÚMERO DE CONTROL DE LA BIBLIOTECA DEL CONGRESO |
| Número de control de LC |
n |
| Número de control de NUCMC |
0 |
| 022 0# - NÚMERO INTERNACIONAL NORMALIZADO PARA PUBLICACIONES SERIADAS |
| Número Internacional Normalizado para Publicaciones Seriadas |
2951-8687 |
| Fuente |
_u |
| 035 ## - NÚMERO DE CONTROL DEL SISTEMA |
| Número de control de sistema |
(OCoLC)1343062569 |
| 035 ## - NÚMERO DE CONTROL DEL SISTEMA |
| Número de control de sistema |
(SpMaBN)a7146330 |
| 035 ## - NÚMERO DE CONTROL DEL SISTEMA |
| Número de control de sistema |
991044082409708606 |
| 040 ## - FUENTE DE CATALOGACIÓN |
| Centro catalogador/agencia de origen |
SpMaBN |
| Lengua de catalogación |
spa |
| Centro/agencia transcriptor |
SpMaBN |
| Normas de descripción |
rdc |
| Centro/agencia modificador |
ES-MaACL |
| 080 ## - NÚMERO DE LA CLASIFICACIÓN DECIMAL UNIVERSAL |
| Número de la Clasificación Decimal Universal |
81'22 |
| 080 ## - NÚMERO DE LA CLASIFICACIÓN DECIMAL UNIVERSAL |
| Número de la Clasificación Decimal Universal |
82.07 |
| 130 0# - ENTRADA PRINCIPAL--TÍTULO UNIFORME |
| Título uniforme |
Signa (Madrid. CD-ROM) |
| 9 (RLIN) |
239081 |
| 210 0# - TÍTULO ABREVIADO |
| Título abreviado |
Signa |
| Información calificativa |
Madr., CD-ROM |
| 222 #0 - TÍTULO CLAVE |
| Título clave |
Signa |
| Información calificativa |
Madrid. CD-ROM |
| 245 10 - MENCIÓN DEL TÍTULO |
| Título |
Signa |
| Medio |
[Recurso electrónico] : |
| Resto del título |
revista de la Asociación Española de Semiótica |
| 260 ## - PUBLICACIÓN, DISTRIBUCIÓN, ETC. |
| Lugar de publicación, distribución, etc. |
Madrid : |
| Nombre del editor, distribuidor, etc. |
Centro de Investigación de Semiótica Literaria, Teatral y Nuevas Tecnologías : |
| -- |
Departamentos de Literatura Española y Teoría de la Literatura y Filología Francesa, |
| 300 ## - DESCRIPCIÓN FÍSICA |
| Extensión |
CD-ROM ; |
| Dimensiones |
12 cm |
| 310 ## - PERIODICIDAD ACTUAL |
| Periodicidad actual |
Anual |
| 336 ## - TIPO DE CONTENIDO |
| Término de tipo de contenido |
Texto (visual) |
| Fuente |
isbdcontent |
| 337 ## - TIPO DE MEDIO |
| Nombre/término del tipo de medio |
electrónico |
| Fuente |
isbdmedia |
| 338 ## - TIPO DE SOPORTE |
| Fuente |
rdacarrier |
| Nombre/término del tipo de soporte |
volumen |
| 362 1# - FECHAS DE PUBLICACIÓN Y/O DESIGNACIÓN SECUENCIAL |
| Fecha de publicación y/o designación secuencial |
La versión impresa comenzó en 1992 |
| 588 0# - NOTA DE FUENTE DE LA DESCRIPCIÓN |
| Nota de fuente de la descripción |
Descripción basada en: N. 32 (2023) |
| 594 ## - Nota al título y mención de responsabilidad |
| Nota al título y mención de responsabilidad |
Título tomado de la cubierta PDF |
| 650 #7 - PUNTO DE ACCESO ADICIONAL DE MATERIA--TÉRMINO DE MATERIA |
| Término de materia o nombre geográfico como elemento de entrada |
Semiótica y literatura |
| Fuente del encabezamiento o término |
embne |
| 9 (RLIN) |
17043 |
| 650 #4 - PUNTO DE ACCESO ADICIONAL DE MATERIA--TÉRMINO DE MATERIA |
| Término de materia o nombre geográfico como elemento de entrada |
Semiótica |
| Fuente del encabezamiento o término |
embne |
| 9 (RLIN) |
17041 |
| 710 ## - ENTRADA AGREGADA--NOMBRE DE ENTIDAD CORPORATIVA |
| Nombre de entidad corporativa o nombre de jurisdicción como elemento de entrada |
Asociación Española de Semiótica |
| Número de control del registro de autoridad o número normalizado |
(isni)0000000098239036 |
| 9 (RLIN) |
239077 |
| 710 2# - ENTRADA AGREGADA--NOMBRE DE ENTIDAD CORPORATIVA |
| Nombre de entidad corporativa o nombre de jurisdicción como elemento de entrada |
Universidad Nacional de Educación a Distancia (España). |
| Unidad subordinada |
Centro de Investigación de Semiótica Literaria, Teatral y Nuevas Tecnologías |
| 9 (RLIN) |
239078 |
| 710 2# - ENTRADA AGREGADA--NOMBRE DE ENTIDAD CORPORATIVA |
| Nombre de entidad corporativa o nombre de jurisdicción como elemento de entrada |
Universidad Nacional de Educación a Distancia (España). |
| Unidad subordinada |
Departamento de Literatura Española y Teoría de la Literatura |
| 9 (RLIN) |
239079 |
| 710 2# - ENTRADA AGREGADA--NOMBRE DE ENTIDAD CORPORATIVA |
| Nombre de entidad corporativa o nombre de jurisdicción como elemento de entrada |
Universidad Nacional de Educación a Distancia (España). |
| Unidad subordinada |
Departamento de Filología Francesa |
| 9 (RLIN) |
239080 |
| 776 08 - ENTRADA DE FORMULARIO FÍSICO ADICIONAL |
| Información de relación |
Versión impresa |
| Título |
Signa (Madrid) = |
| Número Internacional Normalizado para Publicaciones Seriadas |
ISSN 1133-3634 |
| biblionumber |
196576 |
| Número de control del registro |
196576 |
| 776 08 - ENTRADA DE FORMULARIO FÍSICO ADICIONAL |
| Información de relación |
Versión en línea |
| Título |
Signa (Madrid. Internet) = |
| Número Internacional Normalizado para Publicaciones Seriadas |
ISSN 2254-9307 |
| biblionumber |
196578 |
| Número de control del registro |
196578 |
| 852 ## - LOCALIZACIÓN |
| Ubicación |
ES-MaACL |
| Ubicación en estantería |
Rotativo |
| Número de control de estantería |
ROT 6/3/28 |
| Donativo/Legado
|
Donación: Editorial |
| Nota libre |
Revista viva |
| -- |
Año 2023 |
| itemnumber |
204297 |
| 852 ## - LOCALIZACIÓN |
| Ubicación |
ES-MaACL |
| Ubicación en estantería |
Rotativo |
| Número de control de estantería |
ROT 6/3/28 |
| Donativo/Legado
|
Donación: Editorial |
| Nota libre |
Revista viva |
| -- |
Año 2024 |
| itemnumber |
204298 |
| 856 4# - LOCALIZACIÓN Y ACCESO ELECTRÓNICOS |
| Identificador Uniforme de Recursos |
<a href="http://dialnet.unirioja.es/servlet/revista?codigo=1349">http://dialnet.unirioja.es/servlet/revista?codigo=1349</a> |
| Texto de enlace |
Sumarios de la revista en Dialnet |
| 856 4# - LOCALIZACIÓN Y ACCESO ELECTRÓNICOS |
| Identificador Uniforme de Recursos |
<a href="http://www.cervantesvirtual.com/FichaObra.html?Ref=5338">http://www.cervantesvirtual.com/FichaObra.html?Ref=5338</a> |
| Texto de enlace |
Versión en línea |
| 866 ## - MENCIÓN TEXTUAL DE FONDOS--UNIDAD BIBLIOGRÁFICA BÁSICA |
| Fondos |
2023-2024- |
| 942 ## - ELEMENTOS DE ENTRADA SECUNDARIOS (KOHA) |
| Fuente del sistema de clasificación o colocación |
Clasificación decimal universal |
| Suprimir en OPAC |
No |
| 955 ## - CATALOGADOR - EDICIÓN |
| Nombre de catalogador |
Pilar Fernández Vera |
| 956 ## - LOCALIZACIÓN Y ACCESO ELECTRÓNICOS LOCAL (OCLC) |
| Nombre del host |
1 2 |
| 980 ## - EQUIVALENCIA O REFERENCIA-CRUZADA-MENCIÓN DE SERIE--NOMBRE DE PERSONA/TÍTULO [LOCAL, CANADÁ] |
| Nombre de persona |
2951-8687 |
| -- |
SpMaBN |
| Numeración |
BNMADRID |
| Calificador de atribución |
REVCD/3911 |
| Títulos y otros términos asociados al nombre |
SALA_SPR |
| Enlace entre campo y número de secuencia |
1 |
| -- |
1.1 |
| Nombre de persona |
24 |
| Enlace entre campo y número de secuencia |
1.2 |
| Nombre de persona |
25 |
| Enlace entre campo y número de secuencia |
1.3 |
| Nombre de persona |
26 |
| Enlace entre campo y número de secuencia |
1.4 |
| Nombre de persona |
27 |
| Enlace entre campo y número de secuencia |
1.5 |
| Nombre de persona |
28 |
| Enlace entre campo y número de secuencia |
1.6 |
| Nombre de persona |
29 |
| Enlace entre campo y número de secuencia |
1.7 |
| Nombre de persona |
30 |
| Enlace entre campo y número de secuencia |
1.8 |
| Nombre de persona |
31 |
| -- |
2015-2022- |
| 980 ## - EQUIVALENCIA O REFERENCIA-CRUZADA-MENCIÓN DE SERIE--NOMBRE DE PERSONA/TÍTULO [LOCAL, CANADÁ] |
| Nombre de persona |
SpMaBN |
| Numeración |
BNALCALA |
| Calificador de atribución |
AHSCD/603 |
| Títulos y otros términos asociados al nombre |
CONSERVACI |
| Enlace entre campo y número de secuencia |
1 |
| -- |
1.1 |
| Nombre de persona |
24 |
| Enlace entre campo y número de secuencia |
1.2 |
| Nombre de persona |
25 |
| Enlace entre campo y número de secuencia |
1.3 |
| Nombre de persona |
26 |
| Enlace entre campo y número de secuencia |
1.4 |
| Nombre de persona |
27 |
| Enlace entre campo y número de secuencia |
1.5 |
| Nombre de persona |
28 |
| Enlace entre campo y número de secuencia |
1.6 |
| Nombre de persona |
29 |
| Enlace entre campo y número de secuencia |
1.7 |
| Nombre de persona |
30 |
| Enlace entre campo y número de secuencia |
1.8 |
| Nombre de persona |
31 |
| -- |
2015-2022- |